000 00673nam a2200193Ii 4500
003 JO-AjNU
008 230605s9999||||xx |||||||||||||| ||und||
040 _aJO-AjNU
_bara
_erda
_cJO-AjNU
041 _aara
050 1 4 _aRA1051.M3388
100 3 _aعبدالله ، محمود مرسي، م.مشارك سحر كامل,
_eauthor
_99562
245 0 0 _aالموجز في الطب الشرعي وعلم السموم
264 3 1 _aالاسكندرية:مؤسسة الشباب ، 1900
300 _a160ص
336 _atext
_btxt
_2rdacontent
337 _aunmediated
_bn
_2rdamedia
338 _avolume
_bnc
_2rdacarrier
650 4 _aالطب الشرعي - السموم
_99563
999 _aA1364
_c4932
_d4932